Issues in the Struggle for Justice. (Record no. 4381)

MARC details
000 -LEADER
fixed length control field 00594nam a2200241 a 4500
020 ## - INTERNATIONAL STANDARD BOOK NUMBER
ISBN
082 00 - DEWEY DECIMAL CLASSIFICATION NUMBER
Classification number 241
Author Cutter THA
100 ## - MAIN ENTRY--AUTHOR NAME
Author name Thakurdas, Frank
245 ## - TITLE STATEMENT
Title Issues in the Struggle for Justice.
260 ## - PUBLICATION, DISTRIBUTION, ETC. (IMPRINT)
Place of publication Bangalore
Name of publisher Religion and Society
Year of publication 1975
300 ## - PHYSICAL DESCRIPTION
Number of Pages 61p
500 ## - GENERAL NOTE
General note includes index and biblioraphy
505 2# - FORMATTED CONTENTS NOTE
Formatted contents note Bibliography, Index
650 ## - SUBJECT ADDED ENTRY--TOPICAL TERM
Topical Term Theology-Moral
650 ## - SUBJECT ADDED ENTRY--TOPICAL TERM
Topical Term Human Rights
942 ## - ADDED ENTRY ELEMENTS (KOHA)
Koha item type Books
Holdings
Collection code Home library Current library Date acquired Cost, normal purchase price Full call number Accession Number Koha item type
  Henry Martyn Institute Library Henry Martyn Institute Library 06/29/2007 100.00 241 THA 07676 Books
                   Copyright © 2026 | Henry Martyn Institute | Hyderabad | TS-500052 | INDIA | Implemented by hmi.edu.in
Hit-Count:

Powered by Koha